[Event "Titled Tuesday intern op 09th Feb"]
[Site "Chess.com INT"]
[Date "2021.02.09"]
[Round "2"]
[White "Matinian, Nikita"]
[Black "Amangeldiyev, Gurbangeldi"]
[Result "1-0"]
[WhiteElo "2470"]
[BlackElo "2064"]
[PlyCount "125"]
[EventDate "2021.02.09"]
[EventType "swiss (blitz)"]
[EventRounds "11"]
[EventCountry "USA"]
[SourceTitle "EXT 2022"]
[Source "ChessBase"]
[SourceDate "2021.10.06"]
[SourceVersion "1"]
[SourceVersionDate "2021.10.06"]
[SourceQuality "1"]

1. e4 c5 2. Nf3 Nc6 3. Nc3 g6 4. Bb5 Bg7 5. 0-0 d6 6. e5 dxe5 7. Re1 Bg4 8. h3 Bxf3 9. Qxf3 Qd6 10. Ne4 Qd5 11. c4 Qd4 12. d3 f5 13. Ng5 Qd6 14. Qd5 Nh6 15. Ne6 Kf7 16. Nxg7+ Kxg7 17. Bxc6 bxc6 18. Qxe5+ Qxe5 19. Rxe5 Ng8 20. Rxc5 Rc8 21. Ra5 Ra8 22. Be3 a6 23. Re1 Kf7 24. Re5 h6 25. Bc5 Re8 26. d4 e6 27. Bb4 Nf6 28. Ra5 Ra8 29. f3 Rhb8 30. Bc3 Re8 31. Kf2 Nd7 32. g4 h5 33. gxh5 gxh5 34. h4 Rg8 35. d5 exd5 36. cxd5 c5 37. d6 Rge8 38. Rxe8 Kxe8 39. Bd2 Kf7 40. Bf4 Ke6 41. Ra3 Kd5 42. Re3 Kc6 43. Re7 Rb8 44. b3 Rb4 45. Kg3 Rd4 46. Rh7 a5 47. Rxh5 a4 48. bxa4 Rxa4 49. Rxf5 Rxa2 50. h5 Ra1 51. h6 Rh1 52. Kg2 Rh4 53. Kg3 Rh1 54. Rf7 c4 55. Kg2 Rh5 56. h7 c3 57. Kg3 c2 58. Kg4 Rh2 59. Rg7 Rh1 60. Rg8 Rg1+ 61. Kf5 Nf6 62. Rc8+ Kd7 63. Rc7+ 1-0

[Event "Budapest FS03 IM"]
[Site "Budapest"]
[Date "2015.03.14"]
[Round "7"]
[White "Amangeldiyev, Gurbangeldi"]
[Black "Atabayev, Saparmyrat"]
[Result "0-1"]
[WhiteElo "2154"]
[BlackElo "2328"]
[PlyCount "82"]
[EventDate "2015.03.07"]
[EventType "tourn"]
[EventRounds "9"]
[EventCountry "HUN"]
[EventCategory "1"]
[SourceTitle "CBM 165 Extra"]
[Source "ChessBase"]
[SourceDate "2015.04.21"]
[SourceVersion "1"]
[SourceVersionDate "2015.04.21"]
[SourceQuality "1"]

1. g3 e5 2. Bg2 d5 3. d3 Nf6 4. Bg5 Be7 5. Nf3 h6 6. Bc1 Nc6 7. 0-0 0-0 8. c3 Bf5 9. b4 e4 10. Nh4 Bh7 11. Bh3 exd3 12. exd3 d4 13. b5 Ne5 14. Bf5 dxc3 15. d4 Bxf5 16. Nxf5 c2 17. Qxc2 Nf3+ 18. Kg2 Nxd4 19. Nxd4 Qxd4 20. Nc3 Rad8 21. Be3 Qc4 22. Qb3 Qxb3 23. axb3 Nd5 24. Nxd5 Rxd5 25. Rfc1 Bd6 26. Rxa7 Rxb5 27. Rc3 Kh7 28. Ra4 g5 29. h4 Kg6 30. hxg5 hxg5 31. f4 g4 32. Bd4 f6 33. Re3 Kf5 34. Ra1 Rd8 35. Rh1 Bxf4 36. gxf4 Rxd4 37. Kg3 Rbb4 38. Rc1 c6 39. Rc5+ Rd5 40. Rc2 Rxf4 41. Rh2 Rf3+ 0-1

[Event "Budapest FS03 IM"]
[Site "Budapest"]
[Date "2015.03.09"]
[Round "3"]
[White "Amangeldiyev, Gurbangeldi"]
[Black "Lyell, Mark"]
[Result "0-1"]
[WhiteElo "2154"]
[BlackElo "2274"]
[PlyCount "80"]
[EventDate "2015.03.07"]
[EventType "tourn"]
[EventRounds "9"]
[EventCountry "HUN"]
[EventCategory "1"]
[SourceTitle "CBM 165 Extra"]
[Source "ChessBase"]
[SourceDate "2015.04.21"]
[SourceVersion "1"]
[SourceVersionDate "2015.04.21"]
[SourceQuality "1"]

1. d4 e6 2. e4 d5 3. e5 c5 4. c3 Nc6 5. Nf3 Bd7 6. Be2 Nge7 7. 0-0 Nf5 8. g4 Nh4 9. Nxh4 Qxh4 10. Be3 h5 11. g5 Ne7 12. Bd3 Nf5 13. Bxf5 exf5 14. Qf3 Be7 15. Qf4 Qg4+ 16. Kh1 Bb5 17. Rg1 Qxf4 18. Bxf4 Bd3 19. Nd2 c4 20. g6 Rg8 21. Rae1 Bh4 22. gxf7+ Kxf7 23. e6+ Ke8 24. Re5 Rd8 25. Rg6 Rd6 26. b3 b5 27. Re3 Ra6 28. a4 bxa4 29. bxc4 dxc4 30. Re1 a3 31. Kg2 a2 32. Ra1 Bf6 33. Kf3 Ke7 34. Rgg1 Kxe6 35. Rge1+ Kf7 36. Nf1 g5 37. Be5 Bxe5 38. dxe5 Ke6 39. Ne3 f4 40. Nd1 Rb8 0-1

[Event "Moscow op-A"]
[Site "Moscow"]
[Date "2015.02.07"]
[Round "8"]
[White "Amangeldiyev, Gurbangeldi"]
[Black "Schekachikhin, Maksim"]
[Result "1/2-1/2"]
[WhiteElo "2153"]
[BlackElo "2306"]
[PlyCount "91"]
[EventDate "2015.01.31"]
[EventType "swiss"]
[EventRounds "9"]
[EventCountry "RUS"]
[SourceTitle "CBM 164 Extra"]
[Source "ChessBase"]
[SourceDate "2015.03.02"]
[SourceVersion "1"]
[SourceVersionDate "2015.03.02"]
[SourceQuality "1"]

1. d4 Nf6 2. Nf3 e6 3. c4 Bb4+ 4. Nc3 c5 5. e3 d6 6. Bd2 Nc6 7. Qc2 0-0 8. a3 Ba5 9. Bd3 Re8 10. dxc5 dxc5 11. 0-0-0 Qe7 12. Ne4 Bxd2+ 13. Rxd2 h6 14. Rhd1 e5 15. Nxf6+ Qxf6 16. Be4 Be6 17. Qc3 Bf5 18. Rd6 Re6 19. Rxe6 Qxe6 20. Bd5 Qf6 21. Bxc6 Qxc6 22. Qxe5 Be6 23. b3 b5 24. Rd6 Qe8 25. Nd2 bxc4 26. Nxc4 Qb5 27. Qc3 Rb8 28. Kc2 Qb7 29. f3 Qe7 30. Rd3 Qh4 31. e4 Qxh2 32. Qe5 Qxe5 33. Nxe5 f5 34. Nc6 fxe4 35. fxe4 Rf8 36. Kc3 Rf2 37. g3 Ra2 38. Rd6 Kf7 39. e5 Bg4 40. Nd8+ Ke8 41. Nb7 Rg2 42. Rd3 Re2 43. Nxc5 Rxe5 44. Kc4 Rh5 45. b4 Ke7 46. a4 1/2-1/2

[Event "Moscow op-A"]
[Site "Moscow"]
[Date "2015.02.06"]
[Round "7"]
[White "Zenin, Dmitri"]
[Black "Amangeldiyev, Gurbangeldi"]
[Result "0-1"]
[WhiteElo "2381"]
[BlackElo "2153"]
[PlyCount "112"]
[EventDate "2015.01.31"]
[EventType "swiss"]
[EventRounds "9"]
[EventCountry "RUS"]
[SourceTitle "CBM 164 Extra"]
[Source "ChessBase"]
[SourceDate "2015.03.02"]
[SourceVersion "1"]
[SourceVersionDate "2015.03.02"]
[SourceQuality "1"]

1. d4 d5 2. c4 e6 3. Nc3 Nf6 4. Bg5 Be7 5. e3 0-0 6. Nf3 b6 7. Bd3 Bb7 8. 0-0 Nbd7 9. Qe2 Ne4 10. Bxe7 Qxe7 11. cxd5 exd5 12. Ba6 Nxc3 13. bxc3 Bxa6 14. Qxa6 c5 15. a4 Rfb8 16. Rfb1 Qe6 17. h3 h6 18. Rb2 Qc6 19. Qb5 Qe6 20. Rab1 c4 21. Qa6 Qc6 22. Nd2 f5 23. Ra1 Nf6 24. a5 Ne8 25. Qb5 Qxb5 26. Rxb5 Nc7 27. Rbb1 b5 28. f3 Re8 29. Re1 Re6 30. Kf2 Rae8 31. g4 g6 32. gxf5 gxf5 33. Nf1 Rf8 34. Ng3 Ra6 35. Nh5 Kf7 36. Nf4 Rb8 37. Reb1 Rd6 38. Rb2 Ra6 39. h4 Rg8 40. Rba2 Rd6 41. Rb2 a6 42. Rg1 Rxg1 43. Kxg1 Ne6 44. Nxe6 Rxe6 45. Kf2 Re8 46. Re2 Kf6 47. Re1 Re7 48. Re2 Ke6 49. e4 fxe4 50. fxe4 Rf7+ 51. Ke3 Rf1 52. Rg2 dxe4 53. Rg6+ Kf5 54. Rxa6 Rf3+ 55. Kd2 Rf2+ 56. Ke1 e3 0-1

[Event "Moscow op-A"]
[Site "Moscow"]
[Date "2015.02.04"]
[Round "5"]
[White "Abelyan, Murad"]
[Black "Amangeldiyev, Gurbangeldi"]
[Result "0-1"]
[WhiteElo "1712"]
[BlackElo "2153"]
[PlyCount "63"]
[EventDate "2015.01.31"]
[EventType "swiss"]
[EventRounds "9"]
[EventCountry "RUS"]
[SourceTitle "CBM 164 Extra"]
[Source "ChessBase"]
[SourceDate "2015.03.02"]
[SourceVersion "1"]
[SourceVersionDate "2015.03.02"]
[SourceQuality "1"]

1. e4 e6 2. d4 b6 3. a3 Bb7 4. Nc3 Nf6 5. Bd3 c5 6. Bf4 a6 7. Nf3 b5 8. dxc5 Bxc5 9. b4 Be7 10. 0-0 0-0 11. Re1 d6 12. a4 bxa4 13. Nxa4 Nbd7 14. c3 e5 15. Bg3 g6 16. Nb2 Nh5 17. Nc4 Nxg3 18. hxg3 Qc7 19. Kh2 Kg7 20. Qd2 h5 21. Rh1 Nf6 22. Rae1 Rae8 23. Ng5 Bc6 24. Na5 Bd7 25. c4 Qb6 26. Kg1 Rb8 27. Rb1 Ng4 28. Kf1 Bxg5 29. f4 exf4 30. gxf4 Ne3+ 31. Ke2 Bg4+ 32. Ke1 0-1

[Event "Budapest FS05 FM-A"]
[Site "Budapest"]
[Date "2014.05.08"]
[Round "6"]
[White "Green, Per"]
[Black "Amangeldiyev, Gurbangeldi"]
[Result "0-1"]
[WhiteElo "1995"]
[BlackElo "2090"]
[PlyCount "82"]
[EventDate "2014.05.03"]
[EventType "tourn"]
[EventRounds "11"]
[EventCountry "HUN"]
[SourceTitle "CBM 160 Extra"]
[Source "ChessBase"]
[SourceDate "2014.07.01"]
[SourceVersion "1"]
[SourceVersionDate "2014.07.01"]
[SourceQuality "1"]

1. Nf3 b6 2. e4 Bb7 3. Nc3 e6 4. d4 Bb4 5. Bd3 Nf6 6. Qe2 d5 7. e5 Ne4 8. Bd2 Nxd2 9. Qxd2 Be7 10. Ne2 Ba6 11. Bxa6 Nxa6 12. c3 c5 13. Qd3 c4 14. Qc2 b5 15. b4 cxb3 16. axb3 Qb6 17. Qa2 Nb8 18. b4 0-0 19. 0-0 Nc6 20. Qa6 Rfb8 21. Nd2 Qc7 22. Nb3 Rb6 23. Qa2 a5 24. bxa5 Rba6 25. Qb2 Nxa5 26. Nxa5 Rxa5 27. Rxa5 Rxa5 28. Qb3 g6 29. Rb1 Qc6 30. g3 Qa6 31. Kf1 Kf8 32. Qc2 Ra2 33. Qd3 Ra1 34. Kg2 Rxb1 35. Qxb1 b4 36. Qb2 b3 37. Nc1 Ba3 38. Qxb3 Bxc1 39. Qb8+ Kg7 40. Qd8 Ba3 41. Qf6+ Kg8 0-1

[Event "Budapest FS05 FM-A"]
[Site "Budapest"]
[Date "2014.05.07"]
[Round "5"]
[White "Amangeldiyev, Gurbangeldi"]
[Black "Bartha, Sandor"]
[Result "1-0"]
[WhiteElo "2090"]
[BlackElo "2067"]
[PlyCount "61"]
[EventDate "2014.05.03"]
[EventType "tourn"]
[EventRounds "11"]
[EventCountry "HUN"]
[SourceTitle "CBM 160 Extra"]
[Source "ChessBase"]
[SourceDate "2014.07.01"]
[SourceVersion "1"]
[SourceVersionDate "2014.07.01"]
[SourceQuality "1"]

1. b3 d5 2. Bb2 Bf5 3. e3 e6 4. Nf3 Nf6 5. Be2 Be7 6. 0-0 h6 7. c4 c6 8. Nc3 0-0 9. d4 Nbd7 10. Bd3 Bxd3 11. Qxd3 Re8 12. e4 Bb4 13. Nd2 Bxc3 14. Bxc3 dxe4 15. Nxe4 Nxe4 16. Qxe4 Nf6 17. Qh4 Nh7 18. Qe4 Nf6 19. Qh4 Nh7 20. Qe4 Nf6 21. Qf3 Qe7 22. Rfe1 Nh7 23. Re3 f6 24. Rae1 Nf8 25. Qh5 Qf7 26. Qh3 Kh7 27. f4 f5 28. Qf3 Nd7 29. Qh3 g6 30. d5 exd5 31. Qxh6+ 1-0

[Event "Osh zt 3.4"]
[Site "Osh"]
[Date "2013.06.12"]
[Round "6"]
[White "Amangeldiyev, Gurbangeldi"]
[Black "Attokurov, Adilet"]
[Result "1-0"]
[WhiteElo "2021"]
[BlackElo "1885"]
[PlyCount "93"]
[EventDate "2013.06.07"]
[EventType "swiss"]
[EventRounds "9"]
[EventCountry "KGZ"]
[SourceTitle "CBM 154 Extra"]
[Source "ChessBase"]
[SourceDate "2013.06.25"]
[SourceVersion "2"]
[SourceVersionDate "2013.06.25"]
[SourceQuality "1"]

1. d4 Nf6 2. c4 e6 3. a3 d5 4. e3 Be7 5. Nf3 0-0 6. Bd3 dxc4 7. Bxc4 c5 8. 0-0 cxd4 9. exd4 a6 10. Bf4 b5 11. Bd3 Bb7 12. Nc3 Nbd7 13. Qe2 Qb6 14. Rad1 Rfd8 15. Bg5 Nf8 16. Ne4 Bxe4 17. Bxe4 Rac8 18. Rc1 Ng6 19. Bb1 Nd5 20. Bxe7 Ndxe7 21. h4 h6 22. Qe4 Nd5 23. g3 b4 24. Qe2 Nge7 25. a4 Nf6 26. Bd3 a5 27. Rcd1 Nc6 28. Qe3 Rd6 29. Rd2 Rcd8 30. Rfd1 Ne7 31. Bb1 Qc6 32. Bc2 Ned5 33. Qb3 Nb6 34. Ne5 Qb7 35. Qe3 Qc8 36. Bb3 Qb7 37. Re1 Nbd5 38. Qf3 Qa7 39. g4 Nh7 40. Rc1 Rf8 41. Rc5 f5 42. Bxd5 Rxd5 43. Rxd5 fxg4 44. Qb3 exd5 45. Qxd5+ Rf7 46. Rc2 Qb7 47. Rc8+ 1-0

[Event "Budapest FS05 FM-A"]
[Site "Budapest"]
[Date "2013.05.10"]
[Round "7"]
[White "Amangeldiyev, Gurbangeldi"]
[Black "Farkas, Richard"]
[Result "1/2-1/2"]
[WhiteElo "1989"]
[BlackElo "2171"]
[PlyCount "114"]
[EventDate "2013.05.04"]
[EventType "tourn"]
[EventRounds "11"]
[EventCountry "HUN"]
[SourceTitle "CBM 154 Extra"]
[Source "ChessBase"]
[SourceDate "2013.06.25"]
[SourceVersion "2"]
[SourceVersionDate "2013.06.25"]
[SourceQuality "1"]

1. d4 d5 2. c4 dxc4 3. e3 a6 4. a4 e5 5. Bxc4 exd4 6. exd4 Bb4+ 7. Nc3 Qe7+ 8. Nge2 Nf6 9. 0-0 0-0 10. Bg5 Qd6 11. Rc1 Nc6 12. Bd3 Bg4 13. f3 Bh5 14. Kh1 Bg6 15. Bxg6 hxg6 16. Ne4 Nxe4 17. fxe4 Rae8 18. Qd3 Ba5 19. Bf4 Qd7 20. d5 Ne5 21. Qg3 Qe7 22. Nd4 Bb6 23. Nb3 Qd6 24. a5 Ba7 25. Nd2 f6 26. Nc4 Qb4 27. Bxe5 fxe5 28. Nxe5 Qxe4 29. Nxg6 Rxf1+ 30. Rxf1 Qxd5 31. Qxc7 Qe6 32. Nf4 Qb3 33. Nh5 Bd4 34. Qd7 Qb5 35. Qf7+ Kh8 36. h3 Rc8 37. Ng3 Bxb2 38. Ne4 Qe5 39. Qd7 Qe8 40. Qg4 Rc1 41. Rxc1 Bxc1 42. Qh4+ Kg8 43. Nd6 Qc6 44. Qd8+ Kh7 45. Qh4+ Kg8 46. Nxb7 Qxb7 47. Qc4+ Kh8 48. Qxc1 Qb5 49. Qc7 Kg8 50. Kh2 Kh8 51. g4 Kg8 52. Qc3 Kh8 53. h4 Qb8+ 54. Kh3 Qb7 55. Qe5 Qf3+ 56. Qg3 Qh1+ 57. Qh2 Qf3+ 1/2-1/2

[Event "Kiev Spring op"]
[Site "Kiev"]
[Date "2011.03.22"]
[Round "5.34"]
[White "Amangeldiyev, Gurbangeldi"]
[Black "Vatinyan, Gor"]
[Result "1/2-1/2"]
[WhiteElo "2004"]
[BlackElo "1960"]
[PlyCount "106"]
[EventDate "2011.03.19"]
[EventType "swiss"]
[EventRounds "9"]
[EventCountry "UKR"]
[SourceTitle "EXT 2012"]
[Source "ChessBase"]
[SourceDate "2011.11.24"]
[SourceVersion "1"]
[SourceVersionDate "2011.11.24"]
[SourceQuality "1"]

1. d4 Nf6 2. Nf3 d6 3. c4 Nbd7 4. Nc3 e5 5. e3 Be7 6. Bd3 0-0 7. 0-0 c6 8. Qc2 h6 9. b3 Re8 10. Bb2 Bf8 11. Rfd1 Qc7 12. Rac1 a6 13. b4 b5 14. dxe5 dxe5 15. c5 a5 16. a3 Nb8 17. Bf5 Na6 18. Ne4 Nd5 19. Nd6 Bxf5 20. Qxf5 Bxd6 21. cxd6 Qxd6 22. e4 Qf6 23. Qd7 Nb6 24. Qxc6 Qxc6 25. Rxc6 Nc4 26. Bc3 axb4 27. axb4 Rec8 28. Rxc8+ Rxc8 29. h4 f6 30. Rd5 Nb6 31. Rxb5 Rc6 32. Bd2 Nc4 33. Rb7 Rc7 34. Rxc7 Nxc7 35. Bc1 Nd6 36. Nd2 Na6 37. f3 Nb5 38. Nc4 Nxb4 39. Be3 Nc2 40. Kf2 Nxe3 41. Kxe3 Kf7 42. g3 Nd4 43. f4 Nc6 44. Nd6+ Ke6 45. Nf5 Kf7 46. h5 Ne7 47. Nxe7 Kxe7 48. Kd3 Ke6 49. f5+ Kd7 50. Kc4 Kc6 51. g4 Kd6 52. Kb5 Kd7 53. Kc5 Kc7 1/2-1/2

[Event "Kiev Spring op"]
[Site "Kiev"]
[Date "2011.03.21"]
[Round "4.29"]
[White "Slobodenuk, Nikolay"]
[Black "Amangeldiyev, Gurbangeldi"]
[Result "1/2-1/2"]
[WhiteElo "1985"]
[BlackElo "2004"]
[PlyCount "176"]
[EventDate "2011.03.19"]
[EventType "swiss"]
[EventRounds "9"]
[EventCountry "UKR"]
[SourceTitle "EXT 2012"]
[Source "ChessBase"]
[SourceDate "2011.11.24"]
[SourceVersion "1"]
[SourceVersionDate "2011.11.24"]
[SourceQuality "1"]

1. e4 e6 2. d4 d5 3. Nd2 dxe4 4. Nxe4 Nd7 5. Nf3 Ngf6 6. Nxf6+ Nxf6 7. Bd3 Be7 8. 0-0 0-0 9. c3 b6 10. Bg5 Bb7 11. Qe2 h6 12. Bh4 Nd7 13. Bg3 Bd6 14. Rad1 Qe7 15. Rfe1 Rfe8 16. Bb1 Bxg3 17. hxg3 Qf6 18. Qd3 g6 19. Re3 Rad8 20. Rde1 Kg7 21. Qe2 a5 22. Be4 Bxe4 23. Rxe4 Qe7 24. Qb5 Qd6 25. R4e2 c6 26. Qa4 Ra8 27. a3 b5 28. Qc2 Reb8 29. Nd2 b4 30. Nc4 Qd5 31. Ne3 Qd6 32. axb4 axb4 33. Qd2 Nf6 34. Nc4 Qd5 35. Qd3 bxc3 36. bxc3 Ra4 37. Ne3 Qd6 38. Qc2 Ra7 39. Rb1 Rxb1+ 40. Qxb1 Qa3 41. Rc2 h5 42. Qe1 Qb3 43. Qc1 Ne4 44. Kh2 Ra3 45. Nd1 Ra5 46. f3 Nf6 47. Rb2 Qc4 48. Qd2 Nd5 49. Rc2 Ra1 50. Rc1 Ra2 51. Rc2 Ra1 52. Rc1 Ra2 53. Rc2 Ra5 54. Qe1 Ra1 55. Qd2 c5 56. dxc5 Qxc5 57. c4 Nf6 58. Nf2 Rf1 59. Qe2 Rb1 60. Rc3 Ra1 61. Rc2 Rb1 62. Nh3 Qd4 63. c5 Qa1 64. Nf2 Qa7 65. c6 Qc7 66. Qc4 Rb8 67. Qf4 Rc8 68. Nd3 Qxf4 69. gxf4 Nd5 70. g3 Kf6 71. g4 hxg4 72. fxg4 Ne3 73. Rc1 Nxg4+ 74. Kg3 Ne3 75. Ne5 Nd5 76. Rb1 Ke7 77. Rb7+ Rc7 78. Rb8 Kd6 79. Rd8+ Ke7 80. Rb8 g5 81. fxg5 Kd6 82. Nc4+ Kxc6 83. Rf8 Ra7 84. Rxf7 Rxf7 85. Ne5+ Kd6 86. Nxf7+ Ke7 87. Ne5 Kf8 88. Kg4 Kg7 1/2-1/2

[Event "World ol U16 09th"]
[Site "Burdur"]
[Date "2010.12.04"]
[Round "10"]
[White "Amangeldiyev, Gurbangeldi"]
[Black "Georgiadis, Nico"]
[Result "0-1"]
[WhiteElo "2004"]
[BlackElo "2262"]
[PlyCount "100"]
[EventDate "2010.11.27"]
[EventType "team-swiss"]
[EventRounds "10"]
[EventCountry "TUR"]
[SourceTitle "CBM 139 Extra"]
[Source "ChessBase"]
[SourceDate "2011.01.05"]
[SourceVersion "1"]
[SourceVersionDate "2011.01.05"]
[SourceQuality "1"]
[WhiteTeam "Turkmenistan II"]
[BlackTeam "Switzerland"]
[WhiteTeamCountry "TKM"]
[BlackTeamCountry "SUI"]

1. d4 d5 2. c4 dxc4 3. Nc3 a6 4. a4 Nc6 5. d5 Na5 6. e4 e5 7. Nf3 Bg4 8. Be2 Bxf3 9. Bxf3 Bc5 10. 0-0 Ne7 11. Kh1 Ng6 12. Be3 Qd6 13. Qe1 0-0 14. Bd1 b6 15. Bc2 Nb7 16. Qe2 Bxe3 17. fxe3 Qc5 18. Rac1 b5 19. axb5 axb5 20. b3 Nd6 21. bxc4 bxc4 22. Rb1 Ra3 23. Qe1 Rfa8 24. h3 Nf8 25. Rb2 Qa5 26. Nb1 Qxe1 27. Rxe1 Ra2 28. Rxa2 Rxa2 29. Rc1 Nd7 30. Nc3 Ra3 31. Ba4 Nc5 32. Bc6 g6 33. Nb5 Rxe3 34. Nxc7 Nb3 35. Rc2 Nd4 36. Rc1 c3 37. Ba4 Rxe4 38. Rxc3 Re1+ 39. Kh2 Ne4 40. Ra3 h5 41. h4 Nf5 42. Bc2 Re2 43. Bxe4 Rxe4 44. g3 Rd4 45. Ra8+ Kh7 46. Ra3 e4 47. Ra2 e3 48. Nb5 Rxd5 49. Nc3 Rd3 50. Ne2 Rd2 0-1

[Event "World ol U16 09th"]
[Site "Burdur"]
[Date "2010.12.02"]
[Round "7"]
[White "Pretorius, Deon"]
[Black "Amangeldiyev, Gurbangeldi"]
[Result "0-1"]
[WhiteElo "1839"]
[BlackElo "2004"]
[PlyCount "78"]
[EventDate "2010.11.27"]
[EventType "team-swiss"]
[EventRounds "10"]
[EventCountry "TUR"]
[SourceTitle "CBM 139 Extra"]
[Source "ChessBase"]
[SourceDate "2011.01.05"]
[SourceVersion "1"]
[SourceVersionDate "2011.01.05"]
[SourceQuality "1"]
[WhiteTeam "South Africa II"]
[BlackTeam "Turkmenistan II"]
[WhiteTeamCountry "RSA"]
[BlackTeamCountry "TKM"]

1. e4 e6 2. d4 d5 3. Nd2 dxe4 4. Nxe4 Nd7 5. Nf3 Ngf6 6. Ng3 c5 7. dxc5 Bxc5 8. Bd3 Qa5+ 9. c3 Qc7 10. 0-0 0-0 11. b4 Bd6 12. Bb2 a5 13. a3 Ne5 14. c4 b6 15. Nd4 Ba6 16. Nb5 Bxb5 17. cxb5 axb4 18. Rc1 Qb8 19. Ne4 Ne8 20. Nxd6 Nxd3 21. Rc8 Qxd6 22. Rxa8 Nxb2 23. Qb3 Qd5 24. Qxd5 exd5 25. Rb1 bxa3 26. Rxa3 Nc4 27. Ra7 Nf6 28. f3 Re8 29. Kf2 h5 30. Rb7 Rd8 31. Ra1 d4 32. Rc1 Ne5 33. Rd1 Rd6 34. Ra7 Ned7 35. Ra8+ Kh7 36. Rc8 Rd5 37. Rc4 d3 38. Rc6 Rxb5 39. Rxd3 Ne5 0-1

[Event "World ol U16 09th"]
[Site "Burdur"]
[Date "2010.11.28"]
[Round "3"]
[White "Kraiouchkine, Nikita"]
[Black "Amangeldiyev, Gurbangeldi"]
[Result "1-0"]
[WhiteElo "2202"]
[BlackElo "2004"]
[PlyCount "145"]
[EventDate "2010.11.27"]
[EventType "team-swiss"]
[EventRounds "10"]
[EventCountry "TUR"]
[SourceTitle "CBM 139 Extra"]
[Source "ChessBase"]
[SourceDate "2011.01.05"]
[SourceVersion "1"]
[SourceVersionDate "2011.01.05"]
[SourceQuality "1"]
[WhiteTeam "Canada"]
[BlackTeam "Turkmenistan II"]
[WhiteTeamCountry "CAN"]
[BlackTeamCountry "TKM"]

1. e4 e6 2. d4 d5 3. Nc3 Nf6 4. e5 Nfd7 5. f4 c5 6. Nf3 Nc6 7. Be3 a6 8. Qd2 b5 9. a3 Qb6 10. dxc5 Bxc5 11. Bxc5 Qxc5 12. Rd1 0-0 13. Qf2 Qxf2+ 14. Kxf2 f6 15. exf6 Nxf6 16. Bd3 Ng4+ 17. Kg3 Nf6 18. Kh4 Ne4 19. Bxe4 dxe4 20. Nd4 Ne7 21. Kg3 Rd8 22. Kf2 Rf8 23. Ke3 Ng6 24. Rhf1 e5 25. fxe5 Bg4 26. Rxf8+ Rxf8 27. Rd2 Nxe5 28. b3 Ng6 29. Nxe4 Re8 30. Nc6 Bf5 31. Rd8 Rxd8 32. Nxd8 Nh4 33. g4 Bxg4 34. Nc5 Bc8 35. Nc6 Kf7 36. Na7 Bf5 37. c3 Be6 38. b4 Nf5+ 39. Kf4 Nd6 40. Nxa6 Kf6 41. Nc7 g5+ 42. Ke3 Bc4 43. Nc6 Nf5+ 44. Ke4 Nd6+ 45. Kd4 h5 46. Nd5+ Ke6 47. Ne3 Be2 48. Kc5 Bd3 49. Nd4+ Kd7 50. Nf3 Nf7 51. Kd4 Bb1 52. c4 bxc4 53. Nxc4 Kc7 54. Nce5 Nd6 55. Nxg5 Nb5+ 56. Kc5 Nxa3 57. Ne6+ Kc8 58. Nf4 h4 59. Nf3 Be4 60. Nxh4 Kd7 61. Nhg6 Nc2 62. h4 Ke8 63. b5 Ne3 64. Kd4 Bxg6 65. Kxe3 Bf7 66. Kd4 Kd7 67. Kc5 Kc7 68. h5 Kb7 69. h6 Bg8 70. Nd5 Bh7 71. Nf6 Bd3 72. h7 Bxh7 73. Nxh7 1-0